| 000 | 00575cam a2200193 a 4500 | ||
|---|---|---|---|
| 001 | 000018290 | ||
| 005 | 20200929165435.0 | ||
| 008 | 750731s1966 fr 000 f fre d | ||
| 040 |
_aDO-SdBNP _bspa _dBNPHU |
||
| 041 | 1 | 7 |
_aspa _hfre |
| 082 |
_a843.91 _bC421c |
||
| 100 | 1 |
_aCesbron, Gilbert, _d1913-1979 _939609 |
|
| 245 | 1 | 0 |
_aC'est Mozart qu'on assassine : _broman / _cGilbert Cesbron. |
| 260 |
_aParis : _bRobert Laffont, _c1966. |
||
| 300 |
_a324 p. ; _c19 cm. |
||
| 650 | 4 |
_aNovela francesa _91075 |
|
| 650 | 4 |
_aLiteratura francesa _ySIGLO XX _94232 |
|
| 910 | _aEn proceso | ||
| 999 |
_c17811 _d17811 |
||